Sečovský obzor mesačník občanov Sečoviec a okolia

Bibliographic Details
New Title:Sečovčan
Format: Journal
Language:Slovak
PhysicalDescription:16 zv. ilustr. 30 cm
Published: Sečovce Mesto Sečovce 1996-2011
ISSN:1338-9122
Subjects:

MARC

LEADER 00000cas a2200000 a 4500
001 vtls008185969
003 SK-MaSNL
005 20260228163515.0
008 160609d19962011xo mr p l0 b0slo
040 |a SNK  |b slo  |c SNK  |c AACR2 
041 0 |a slo 
043 |a e-xo--- 
044 |a xo  |c SK 
072 7 |a 316  |x Sociológia  |2 konspekt 
080 |a 316.728  |2 2001 
080 |a 352  |2 2001 
080 |a 394  |2 2001 
080 |a 908(437.6)  |2 2001 
080 |a 050  |2 2001 
245 0 0 |a Sečovský obzor  |b mesačník občanov Sečoviec a okolia 
260 |a Sečovce  |b Mesto Sečovce  |c 1996-2011 
300 |a 16 zv.  |b ilustr.  |c 30 cm 
310 |a 1x mesačne 
362 0 |a Roč. I, č. 0 (1. mája 1996)-roč. 16, č. 1 (2011) 
500 |a Podnázov od roku 2000, č. 4: mesačník občanov Sečoviec 
500 |a Registračné číslo OÚ v Trebišove: 19/96 
500 |a od č. 2/2011 sa spojil s titulom Sečovčan 
500 |a Evidenčné č.: EV 3799/09 
515 |a Nevychádzal od decembra 1998 po február 1999 
650 0 7 |a kultúrny a spoločenský život  |2 SNKPH  |9 274158 
651 7 |a Sečovce (Slovensko)  |2 SNKPH  |9 28464 
655 7 |a miestne noviny  |2 SNKPH  |9 268064 
785 0 0 |t Sečovčan  |x 1338-9122  |w vtls010265722 
910 |a snk 
916 |a 1996-2011 
958 |a OND 
999 |c 9686  |d 11616 
952 |0 0  |1 0  |4 0  |7 0  |8 0  |a SNK  |b SNK  |d 2005-07-25  |i snk2005/13044  |l 0  |o snkČSB 5375/5/2000 D1  |p 17A0446739  |r 2026-02-21 20:15:49  |t č. 1-12, neúplný  |w 2026-02-21  |y PREZ  |z Chýba č. 6 
952 |0 0  |1 0  |4 0  |7 0  |8 0  |a SNK  |b SNK  |d 2005-07-25  |f 1  |i snk2005/13020  |l 0  |o snkČSB 5375/1/1996  |p 17A0446730  |r 2026-02-21 21:22:00  |t č. 0-7  |w 2026-02-21  |y PREZ 
952 |0 0  |1 0  |4 0  |7 0  |8 0  |a SNK  |b SNK  |d 2005-07-25  |f 1  |i snk2005/13021  |l 0  |o snkČSB 5375/2/1997  |p 17A0446732  |r 2026-02-21 21:22:00  |t č. 1-12  |w 2026-02-21  |y PREZ 
952 |0 0  |1 0  |4 0  |7 0  |8 0  |a SNK  |b SNK  |d 2005-07-25  |f 1  |i snk2005/13027  |l 0  |o snkČSB 5375/3/1998  |p 17A0446734  |r 2026-02-21 21:22:01  |t č. 1-11  |w 2026-02-21  |y PREZ 
952 |0 0  |1 0  |4 0  |7 0  |8 0  |a SNK  |b SNK  |d 2005-07-25  |f 1  |i snk2005/13028  |l 0  |o snkČSB 5375/4/1999  |p 17A0446736  |r 2026-02-21 21:22:01  |t č. 1-10  |w 2026-02-21  |y PREZ 
952 |0 0  |1 0  |4 0  |7 0  |8 0  |a SNK  |b SNK  |d 2005-07-25  |f 1  |i snk2005/13029  |l 0  |o snkČSB 5375/5/2000  |p 17A0446738  |r 2026-02-21 21:22:01  |t č. 1-12  |w 2026-02-21  |y PREZ 
952 |0 0  |1 0  |4 0  |7 0  |8 0  |a SNK  |b SNK  |d 2005-07-25  |f 1  |i snk2005/13030  |l 0  |o snkČSB 5375/6/2001  |p 17A0446740  |r 2026-02-21 21:22:01  |t č. 1-12  |w 2026-02-21  |y PREZ 
952 |0 0  |1 0  |4 0  |7 0  |8 0  |a SNK  |b SNK  |d 2005-07-25  |f 1  |i snk2005/13031  |l 0  |o snkČSB 5375/7/2002  |p 17A0446742  |r 2026-02-21 21:22:01  |t č. 1-12  |w 2026-02-21  |y PREZ 
952 |0 0  |1 0  |4 0  |7 0  |8 0  |a SNK  |b SNK  |d 2005-07-25  |f 1  |i snk2005/13033  |l 0  |o snkČSB 5375/8/2003  |p 17A0446744  |r 2026-02-21 21:22:01  |t č. 1-12  |w 2026-02-21  |y PREZ 
952 |0 0  |1 0  |4 0  |7 0  |8 0  |a SNK  |b SNK  |d 2005-07-25  |f 1  |i snk2005/13034  |l 0  |o snkČSB 5375/9/2004  |p 17A0446746  |r 2026-02-21 21:22:01  |t č. 1-12  |w 2026-02-21  |y PREZ 
952 |0 0  |1 0  |4 0  |7 0  |8 0  |a SNK  |b SNK  |d 2005-07-25  |i snk2005/13036  |l 0  |o snkČSB 5375/1/1996 D1  |p 17A0446731  |r 2026-02-21 21:22:01  |t č. 0-7  |w 2026-02-21  |y PREZ 
952 |0 0  |1 0  |4 0  |7 0  |8 0  |a SNK  |b SNK  |d 2005-07-25  |i snk2005/13037  |l 0  |o snkČSB 5375/2/1997 D1  |p 17A0446733  |r 2026-02-21 21:22:02  |t č. 1-12  |w 2026-02-21  |y PREZ 
952 |0 0  |1 0  |4 0  |7 0  |8 0  |a SNK  |b SNK  |d 2005-07-25  |i snk2005/13039  |l 0  |o snkČSB 5375/3/1998 D1  |p 17A0446735  |r 2026-02-21 21:22:02  |t č. 1-11  |w 2026-02-21  |y PREZ 
952 |0 0  |1 0  |4 0  |7 0  |8 0  |a SNK  |b SNK  |d 2005-07-25  |i snk2005/13040  |l 0  |o snkČSB 5375/4/1999 D1  |p 17A0446737  |r 2026-02-21 21:22:02  |t č. 1-10  |w 2026-02-21  |y PREZ 
952 |0 0  |1 0  |4 0  |7 0  |8 0  |a SNK  |b SNK  |d 2005-07-26  |i snk2005/13067  |l 0  |o snkČSB 5375/6/2001 D1  |p 17A0446741  |r 2026-02-21 21:22:03  |t č. 1-12  |w 2026-02-21  |y PREZ 
952 |0 0  |1 0  |4 0  |7 0  |8 0  |a SNK  |b SNK  |d 2005-07-26  |i snk2005/13068  |l 0  |o snkČSB 5375/7/2002 D1  |p 17A0446743  |r 2026-02-21 21:22:03  |t č. 1-12  |w 2026-02-21  |y PREZ 
952 |0 0  |1 0  |4 0  |7 3  |8 0  |a SNK  |b SNK  |d 2005-07-26  |i snk2005/13071  |l 0  |o snkČSB 5375/8/2003 D1  |p 17A0446745  |r 2026-02-21 21:22:03  |t č. 1-12, neúplné  |w 2026-02-21  |y PREZ  |z Chýba č. 4, 9 
952 |0 0  |1 0  |4 0  |7 0  |8 0  |a SNK  |b SNK  |d 2015-11-24  |f 1  |i snk2015/31750  |l 0  |o snkČSB 5375/10/2005  |p 17A1146926  |r 2026-02-21 21:46:45  |t č. 1-12  |w 2026-02-21  |y PREZ 
952 |0 0  |1 0  |4 0  |7 0  |8 0  |a SNK  |b SNK  |d 2015-11-24  |f 1  |i snk2015/31751  |l 0  |o snkČSB 5375/11/2006  |p 17A1146927  |r 2026-02-21 21:46:45  |t č. 1-12, neúplné  |w 2026-02-21  |y PREZ  |z chýba č. 11 
952 |0 0  |1 0  |4 0  |7 0  |8 0  |a SNK  |b SNK  |d 2015-11-24  |f 1  |i snk2015/31762  |l 0  |o snkČSB 5375/12/2007  |p 17A1146928  |r 2026-02-21 21:46:45  |t č. 1-12  |w 2026-02-21  |y PREZ 
952 |0 0  |1 0  |4 0  |7 0  |8 0  |a SNK  |b SNK  |d 2015-11-24  |f 1  |i snk2015/31766  |l 0  |o snkČSB 5375/13/2008  |p 17A1146929  |r 2026-02-21 21:46:45  |t č. 1-12, neúplné  |w 2026-02-21  |y PREZ  |z chýba č. 2, 10 
952 |0 0  |1 0  |4 0  |7 0  |8 0  |a SNK  |b SNK  |d 2015-11-24  |f 1  |i snk2015/31767  |l 0  |o snkČSB 5375/14/2009  |p 17A1146930  |r 2026-02-21 21:46:45  |t č. 1-12, neúplné  |w 2026-02-21  |y PREZ  |z chýba č. 3, 4 
952 |0 0  |1 0  |4 0  |7 0  |8 0  |a SNK  |b SNK  |d 2015-11-24  |f 1  |i snk2015/31769  |l 0  |o snkČSB 5375/15/2010  |p 17A1146931  |r 2026-02-21 21:46:45  |t č. 1-12  |w 2026-02-21  |y PREZ 
952 |0 0  |1 0  |4 0  |7 0  |8 0  |a SNK  |b SNK  |d 2015-11-24  |f 1  |i snk2015/31773  |l 0  |o snkČSB 5375/16/2011  |p 17A1146932  |r 2026-02-21 21:46:45  |t č. 1  |w 2026-02-21  |y PREZ